LANGUAGE in education and society : (Record no. 11026)
[ view plain ]
| 000 -LEADER | |
|---|---|
| fixed length control field | 00699nam a22002057a 4500 |
| 008 - FIXED-LENGTH DATA ELEMENTS--GENERAL INFORMATION | |
| fixed length control field | 230428b |||||||| |||| 00| 0 eng d |
| 017 ## - LEGAL DEPOSIT NUMBER | |
| Legal deposit number | 2007-2467 |
| 018 ## - LEGAL DEPOSIT YEAR | |
| LDD Year | 2007 |
| 020 ## - INTERNATIONAL STANDARD BOOK NUMBER | |
| ISBN | 9782838349 |
| 040 ## - CATALOGING SOURCE | |
| Original cataloging agency | NLN |
| Language of cataloging | English |
| Description conventions | AACR2 |
| 245 ## - TITLE STATEMENT | |
| Title | LANGUAGE in education and society : |
| Remainder of title | an anthology of selected writings of Conrad Max Benedict Brann / |
| Statement of responsibility, etc | Compiled by Baba Mai Bello |
| 260 ## - PUBLICATION, DISTRIBUTION, ETC. (IMPRINT) | |
| Place of publication | Maiduguri (P.M.B. 2001 University of Maiduguri): |
| Name of publisher | Library of Language in Education and Society, |
| Date of publication | 2006 |
| 300 ## - COLLATION | |
| Pagination | X, 759p. : |
| Other physical details | ill. ; 24cm. |
| 500 ## - GENERAL NOTE | |
| General note | Bibliography: P. 700-729 |
| 563 ## - BINDING INFORMATION | |
| Binding note | (pbk) |
| 650 ## - TRACINGS | |
| Main Subject | Language, Universal |
| 942 ## - ADDED ENTRY ELEMENTS (KOHA) | |
| Item type | Books |
| 050 ## - LIBRARY OF CONGRESS CALL NUMBER | |
| Classification number | PM8008 |
| Item number | .L287 |
| 082 ## - DEWEY DECIMAL CLASSIFICATION NUMBER | |
| Classification number | 400 |
| Source of classification or shelving scheme | Not for loan | Home library | Current library | Date acquired | Accession No. | Full call number | Barcode. | Koha item type |
|---|---|---|---|---|---|---|---|---|
| Library of Congress Classification | National Library of Nigeria | ABUJA LIBRARY BRANCH | 28/04/2023 | 54,308 | PM8008 .L287 | 54,308 | Books |
